Statistiques concernant Les circuits de Formule 1

Cliquez ici pour prendre le quiz!

Statistiques générales

  • Ce quiz a été pris 184 fois
  • Le résultat moyen est 18 sur 23

Statistiques - réponses

Réponse% Correct
Monaco
88%
Monza
88%
Barcelona-Catalunya
86%
Spa-Francorchamps
85%
Suzuka
85%
Las Vegas
83%
Albert Park
81%
Autodromo José Carlos Pace
81%
Bakou
79%
Sakhir
79%
Red Bull Ring
78%
Silverstone
78%
Singapour
78%
Gilles-Villeneuve
76%
Losail
76%
Autódromo Hermanos Rodríguez
75%
Jeddah
75%
Miami
74%
Zandvoort
74%
Yas Marina
69%
Circuit des Amériques
67%
Imola
67%
Hungaroring
40%

Distribution des résultats

Percentile par nombre de réponses

% des personnes avec chaque résultat

Votre développement - résultats

Vous n’avez pas pris ce quiz